| 000 | 01145nam a22002775a 4500 | ||
|---|---|---|---|
| 003 | OSt | ||
| 005 | 20170323121840.0 | ||
| 008 | 170209s2014 ua frb 000 0 ara d | ||
| 015 | _a2014 / 21167 | ||
| 020 | _a9789770476437 | ||
| 040 |
_aEG-ScBUE _bara _cEG-ScBUE |
||
| 043 | _af-ua--- | ||
| 082 | 0 | 4 |
_a347.6203 _bب ت ا _222 |
| 100 | 1 | _aبتانوني، خيري عبد الفتاح السيد. | |
| 245 | 1 | 2 |
_aالنقض الاستثنائي : _bوظيفة محكمة النقض كمحكمة تنازع أحكام مدنية لمخالفة الحجية / _cخيري عبد الفتاح السيد البتانوني. |
| 260 |
_aالقاهرة : _bدار النهضة العربية، _c2014. |
||
| 300 |
_a244 ص. ؛ _c24 سم. |
||
| 504 | _aيشتمل على إرجاعات ببليوجرافية. | ||
| 610 | 1 | 7 |
_aمصر. _bمحكمة النقض. _2BUEsh _940940 |
| 650 | 7 |
_aنقض الأحكام _zمصر. _2BUEsh |
|
| 650 | 7 |
_aمحاكم النقض والإبرام _zمصر. _2BUEsh |
|
| 650 | 7 |
_aالطعن في الأحكام _zمصر. _2BUEsh _941120 |
|
| 651 | _2BUEsh | ||
| 653 |
_bLLAAWW _cFebruary2017 _cMarch2017 |
||
| 942 | _2ddc | ||
| 999 |
_c24111 _d24083 |
||